000 00899nam a2200229 a 4500
001 000015231
005 20240430192715.0
008 100203s2004 dr 001 0 spa d
040 _aDO-SdBNP
_bspa
_cBNPHU
082 _a001.42
_bF825p
100 1 _aFranco Pechardo, Franklin
_934476
245 1 0 _aPara aprender a investigar :
_bmétodos y técnicas para la elaboración de tesis e informes de investigación /
_cFranklin Franco Pechardo.
250 _a3a. ed.
260 _aSanto Domingo :
_bSociedad Editorial Dominicana,
_c2004.
_fBúho
300 _a136 p. ;
_c21 cm.
500 _aIncluye referencias bibliográficas y notas al pie de las páginas
504 _aIncluye bibliografía (p. 133 -134)
650 4 _aInvestigaciones
_xMetodología de escritos
_934477
650 0 _aTesis y disertaciones académicas
_919630
650 4 _aRedacción de escritos técnicos
_91600
049 _aBNPD
999 _c14800
_d14800